[Event "Gaylord (NMO/5/6)"]
[Site "?"]
[Date "1993.??.??"]
[Round "?"]
[White "Brattin, Vincent"]
[Black "Shaune, M."]
[Result "0-1"]
[WhiteElo "2015"]
[BlackElo "1790"]
[PlyCount "94"]
[EventDate "1993.??.??"]

{5/(6)} 1. e4 e6 2. Qe2 e5 3. Nf3 Nc6 4. a3 Nf6 5. Nc3 d6 6. h3 g6 7. d3 Bg7 8.
Be3 h6 9. O-O-O Qe7 10. d4 exd4 11. Bxd4 Nxd4 12. Nxd4 a6 13. Qc4 Be6 14. Nd5
Bxd5 15. exd5 O-O 16. Nf3 c6 17. dxc6 Rac8 18. Re1 Qc7 19. Nd4 bxc6 20. Qxa6
Nd5 21. Nb3 Ra8 22. Qd3 Rfb8 23. Nd4 Qb6 24. Nb3 Qc7 25. Rd1 Qb7 26. Be2 Nb6
27. Nd4 Na4 28. b4 d5 29. Qb3 Qc7 30. Bf3 Rc8 31. c3 Ra7 32. Rd3 c5 33. Nb5
Qf4+ 34. Rd2 cxb4 35. Qxb4 Rc4 36. Qd6 Rxc3+ 37. Kd1 Nb2+ 38. Ke1 Rc1+ 39. Rd1
Bc3+ 40. Kf1 Qc4+ 41. Kg1 Rxd1+ 42. Bxd1 Qxb5 43. Bf3 Rd7 44. Qg3 Re7 45. Bxd5
Re1+ 46. Kh2 Be5 47. f4 Rxh1+ 0-1

[Event "East Lansing (MI Op/2/7)"]
[Site "?"]
[Date "1993.??.??"]
[Round "?"]
[White "Brattin, Vincent"]
[Black "Noren, Kevin"]
[Result "0-1"]
[WhiteElo "2015"]
[BlackElo "2260"]
[PlyCount "84"]
[EventDate "1993.??.??"]

{2/(7)} 1. e4 c5 2. g3 d5 3. exd5 Qxd5 4. Qf3 Qe5+ 5. Ne2 Nc6 6. Qe3 Qxe3 7.
fxe3 g6 8. a3 Bg7 9. Nbc3 Bd7 10. Bg2 Nh6 11. O-O O-O 12. d3 Nf5 13. Bd2 Rfd8
14. Rae1 Rac8 15. b3 h5 16. Nf4 e6 17. Ne4 b6 18. Bc3 Bxc3 19. Nxc3 Ne5 20. Nd1
Ng4 21. Bh3 Bc6 22. Bxg4 hxg4 23. e4 Nd4 24. Kf2 Nxc2 25. Re2 Nd4 26. Rb2 Kg7
27. Ne3 Rh8 28. Nxg4 f5 29. Ne5 Rxh2+ 30. Ng2 Bb7 31. Kg1 Rch8 32. Rbb1 Rh1+
33. Kf2 Rxf1+ 34. Rxf1 fxe4 35. Ke3 Nf5+ 36. Kf4 exd3 37. Ne3 Rf8 38. Rd1 Nxe3+
39. Kxe3 Rf5 40. Nxd3 Rf3+ 41. Ke2 Rxg3 42. Ne5 Bd5 0-1

[Event "Gaylord (NMO/1/6)"]
[Site "?"]
[Date "1993.??.??"]
[Round "?"]
[White "Brattin, Vincent"]
[Black "Jones, W."]
[Result "1-0"]
[WhiteElo "2015"]
[BlackElo "1605"]
[PlyCount "45"]
[EventDate "1993.??.??"]

{1/(6)} 1. e4 d5 2. Nc3 d4 3. Nce2 e5 4. d3 Nf6 5. f4 Nc6 6. Nf3 Bg4 7. fxe5
Bxf3 8. exf6 Bxe2 9. fxg7 Bxg7 10. Bxe2 Qd6 11. O-O Be5 12. h3 Rg8 13. Bh5
O-O-O 14. Bxf7 Rg7 15. Qh5 Bh2+ 16. Kh1 Ne5 17. Bd2 Nxf7 18. Rxf7 Rxg2 19. Kxg2
Rg8+ 20. Kh1 Qg3 21. Qf3 Qd6 22. Bf4 Bxf4 23. Qxf4 1-0

[Event "East Lansing (MI Op/4/21)"]
[Site "?"]
[Date "1993.??.??"]
[Round "?"]
[White "Brattin, Vincent"]
[Black "Haakonstad, Olaf"]
[Result "1-0"]
[WhiteElo "2015"]
[BlackElo "1825"]
[PlyCount "83"]
[EventDate "1993.??.??"]

{4/(21)} 1. e4 e5 2. Nf3 Nc6 3. Bb5 a6 4. Bxc6 dxc6 5. d4 exd4 6. Qxd4 Qxd4 7.
Nxd4 c5 8. Ne2 Bd6 9. O-O b5 10. f4 Bg4 11. Ng3 O-O-O 12. Be3 h5 13. e5 Be7 14.
Nd2 h4 15. Nge4 c4 16. f5 Bb4 17. c3 Ba5 18. b4 Bb6 19. Bxb6 cxb6 20. Nd6+ Rxd6
21. exd6 Nf6 22. h3 Be2 23. Rfe1 Bd3 24. Re7 Rd8 25. Rxf7 Rxd6 26. Nf3 Ne4 27.
Re1 Nxc3 28. Ree7 Rd8 29. Ng5 Nd5 30. Ra7 Kb8 31. Rfb7+ Kc8 32. Nf7 Bxf5 33.
Nxd8 Kxd8 34. Rf7 Nf6 35. Rf8+ Ne8 36. Rxf5 c3 37. Rf3 c2 38. Rc3 Nd6 39. Rxc2
Nc4 40. Rf2 Nd6 41. Rf8+ Ne8 42. Ra8+ 1-0

[Event "Ann Arbor (HV Mini)"]
[Site "?"]
[Date "1993.??.??"]
[Round "?"]
[White "Brattin, Vincent"]
[Black "Finegold, Mark"]
[Result "0-1"]
[WhiteElo "2030"]
[BlackElo "2230"]
[PlyCount "106"]
[EventDate "1993.??.??"]

1. e4 c5 2. g3 d5 3. exd5 Qxd5 4. Qf3 Qe5+ 5. Ne2 Nc6 6. c3 Nf6 7. d3 Bg4 8.
Qe3 Qd5 9. Rg1 Ne5 10. Bg2 Qd6 11. d4 cxd4 12. Nxd4 Nc6 13. Nd2 Nxd4 14. cxd4
Qa6 15. h3 Bd7 16. Nb3 e6 17. Bd2 Rc8 18. Nc5 Bxc5 19. dxc5 Bc6 20. Bc3 Bxg2
21. Bxf6 gxf6 22. Rxg2 Qc6 23. Rg1 Qxc5 24. Qxc5 Rxc5 25. Kd2 Ke7 26. Rac1 Rhc8
27. Rxc5 Rxc5 28. Re1 f5 29. Re3 Kf6 30. a3 h5 31. h4 e5 32. b4 Rc8 33. Rd3 Ke6
34. Ke3 Rc6 35. f3 b5 36. f4 f6 37. Rb3 a6 38. Kf3 Kd5 39. Rd3+ Kc4 40. Rd7 Kb3
41. fxe5 fxe5 42. Rf7 f4 43. gxf4 exf4 44. Kxf4 Kxa3 45. Kg5 Kxb4 46. Kxh5 a5
47. Kg5 a4 48. h5 a3 49. h6 a2 50. Ra7 Kb3 51. h7 Rc8 52. Kg6 Kb2 53. Rc7 Rh8
0-1

[Event "Flint (MI Senior/3)"]
[Site "?"]
[Date "1993.??.??"]
[Round "?"]
[White "Brady, Lindell"]
[Black "Mazuchowski, Tom"]
[Result "0-1"]
[WhiteElo "1945"]
[BlackElo "2135"]
[PlyCount "112"]
[EventDate "1993.??.??"]

1. e4 c5 2. Nf3 Nc6 3. Bb5 d6 4. Bxc6+ bxc6 5. O-O e5 6. d3 f6 7. Nh4 Be6 8. b3
Qd7 9. f4 exf4 10. Nf5 g6 11. Nh4 Bg7 12. Bb2 g5 13. Nf5 Bxf5 14. exf5 Nh6 15.
g4 fxg3 16. hxg3 O-O 17. g4 Rfe8 18. Nd2 d5 19. Qf3 Nf7 20. c4 Ne5 21. Bxe5
Rxe5 22. Qf2 Qe7 23. Rae1 Re8 24. Rxe5 Qxe5 25. Nf3 Qf4 26. Qg2 Re3 27. cxd5
cxd5 28. Ne1 Qg3 29. a3 Bf8 30. b4 cxb4 31. axb4 Bd6 32. b5 Kf8 33. Nf3 Qxg2+
34. Kxg2 Rxd3 35. Re1 Rb3 36. Re6 Rb2+ 37. Kf1 Bg3 38. Nd4 Be5 39. Nc6 Rxb5 40.
Nxe5 fxe5 41. Rxe5 a5 42. Re6 a4 43. Ra6 Rb4 44. Ra5 Rxg4 45. Rxd5 h5 46. Kf2
Kf7 47. Ra5 Kf6 48. Kf3 Rf4+ 49. Kg2 Rb4 50. Kh2 g4 51. Kg2 h4 52. Kh2 Kg5 53.
Kg2 h3+ 54. Kh2 Rb2+ 55. Kg1 g3 56. f6+ Kxf6 0-1

[Event "Flint (MI Senior/1)"]
[Site "?"]
[Date "1993.??.??"]
[Round "?"]
[White "Brady, Lindell"]
[Black "Iyer, Krishnan"]
[Result "1-0"]
[WhiteElo "1945"]
[BlackElo "1605"]
[PlyCount "57"]
[EventDate "1993.??.??"]

1. e4 e6 2. d4 d5 3. exd5 exd5 4. Bd3 Nc6 5. c3 Be6 6. Nf3 h6 7. O-O Bd6 8. Re1
Qf6 9. Qb3 Nge7 10. Na3 O-O-O 11. Nb5 g5 12. Nxd6+ Rxd6 13. Ne5 Qg7 14. Qd1 f6
15. Nxc6 Rxc6 16. b4 h5 17. b5 Rb6 18. a4 h4 19. a5 Rd6 20. Ba3 Kd7 21. Bxd6
cxd6 22. Qe2 Qg8 23. c4 f5 24. c5 Ng6 25. c6+ bxc6 26. bxc6+ Kxc6 27. Qxe6 Qxe6
28. Rxe6 Nf4 29. Re3 1-0

[Event "East Lansing (MI Op/4/29)"]
[Site "?"]
[Date "1993.??.??"]
[Round "?"]
[White "Brady, Lindell"]
[Black "Fleming, William"]
[Result "0-1"]
[WhiteElo "1925"]
[BlackElo "1835"]
[PlyCount "142"]
[EventDate "1993.??.??"]

{4/(29)} 1. e4 c5 2. Nf3 d6 3. Bb5+ Bd7 4. Bxd7+ Qxd7 5. O-O Nc6 6. Re1 g6 7.
c3 Bg7 8. d4 cxd4 9. cxd4 Nf6 10. Nc3 O-O 11. h3 a6 12. Be3 Rac8 13. Rc1 b5 14.
a3 Qb7 15. b4 Rfd8 16. Qb3 e6 17. d5 exd5 18. exd5 Ne7 19. Red1 Rd7 20. Bf4 Nh5
21. Be3 Rdc7 22. Ne4 Rxc1 23. Rxc1 Rxc1+ 24. Bxc1 Qxd5 25. Qxd5 Nxd5 26. Nxd6
Nhf4 27. Kf1 Nd3 28. Bd2 Bb2 29. Ke2 N3f4+ 30. Kd1 Bxa3 31. Ne5 Bxb4 32. Ndxf7
Bxd2 33. Kxd2 Nxg2 34. Nd6 Ngf4 35. h4 Kg7 36. Nd7 b4 37. Nc5 a5 38. Nc4 Kh6
39. Nxa5 Kh5 40. Ke1 Kxh4 41. Kf1 Kg4 42. Nc4 h5 43. Kg1 Ne2+ 44. Kf1 Nd4 45.
Ne5+ Kf5 46. Ned3 g5 47. Kg1 Kg4 48. Kg2 Nf4+ 49. Nxf4 gxf4 50. Nd3 b3 51. Ne5+
Kf5 52. Nd7 Ke4 53. Nc5+ Kd5 54. Na4 Kc4 55. Kh3 Nf5 56. Kg2 Kb4 57. Nb2 Kc3
58. Na4+ Kc2 59. Kf3 h4 60. Kg4 b2 61. Nxb2 Kxb2 62. Kxf4 h3 63. Kxf5 h2 64. f4
h1=Q 65. Kf6 Qh6+ 66. Ke5 Qg7+ 67. Ke6 Qg8+ 68. Ke5 Kc3 69. f5 Kc4 70. f6 Qf7
71. Kf5 Kd5 0-1

[Event "East Lansing (MI Op/3/19)"]
[Site "?"]
[Date "1993.??.??"]
[Round "?"]
[White "Brady, Lindell"]
[Black "Clark, K."]
[Result "0-1"]
[WhiteElo "1925"]
[BlackElo "2030"]
[PlyCount "108"]
[EventDate "1993.??.??"]

{3/(19)} 1. e4 e5 2. Nf3 Nf6 3. Nxe5 d6 4. Nf3 Nxe4 5. Qe2 Qe7 6. d3 Nf6 7. Bg5
Nc6 8. Bxf6 gxf6 9. Qxe7+ Bxe7 10. Nc3 Bg4 11. Be2 O-O-O 12. O-O-O d5 13. d4 a6
14. h3 Bh5 15. g4 Bg6 16. Nh4 Bb4 17. Nb1 Rhe8 18. Bf3 Be4 19. c3 Bf8 20. Bxe4
Rxe4 21. Rhe1 Rde8 22. Rxe4 Rxe4 23. Nf5 Ne7 24. Ng3 Rf4 25. Nh1 Rf3 26. h4
Bh6+ 27. Kc2 Ng6 28. h5 Nh4 29. Rd3 Rf4 30. Nd2 Rxg4 31. Nf3 Kd7 32. Ng3 Nxf3
33. Rxf3 Rf4 34. Rxf4 Bxf4 35. Ne2 Bd6 36. Kd3 Ke6 37. Ke3 Kf5 38. Kf3 Kg5 39.
h6 Kxh6 40. Kg4 Kg6 41. f4 h5+ 42. Kf3 h4 43. Kg4 h3 44. Kxh3 Kf5 45. Kg3 Ke4
46. Kg4 f5+ 47. Kh3 Kf3 48. Ng3 Kxf4 49. Nh5+ Ke3 50. Nf6 c6 51. Kg2 Ke2 52. b3
f4 53. Ng4 f3+ 54. Kg1 Bg3 0-1

[Event "Lansing (MI Am/4)"]
[Site "?"]
[Date "1993.??.??"]
[Round "?"]
[White "Boyle, R."]
[Black "Ho, E."]
[Result "0-1"]
[WhiteElo "1605"]
[BlackElo "1605"]
[PlyCount "76"]
[EventDate "1993.??.??"]

1. e4 c5 2. Nf3 Nc6 3. d4 cxd4 4. Nxd4 d6 5. Bb5 Bd7 6. Nxc6 bxc6 7. Ba4 Nf6 8.
Qd4 g6 9. Qc4 Qc7 10. Bb3 Be6 11. Qc3 Bxb3 12. Bg5 Bg7 13. axb3 O-O 14. Qd2
Nxe4 15. Qe3 Nxg5 16. Qxg5 Qd7 17. Nc3 Qe6+ 18. Qe3 Qxe3+ 19. fxe3 Rfd8 20. O-O
d5 21. e4 d4 22. Ne2 d3 23. cxd3 Rxd3 24. Rad1 Rxb3 25. Rd7 Rxb2 26. Nf4 e6 27.
Rc7 Rc2 28. Rf2 Bd4 29. Ne2 Rxe2 30. Rxc6 Rxf2 31. Rc4 Rd2+ 32. Kf1 Bg7 33. h3
a5 34. Ke1 Rxg2 35. Kd1 a4 36. Kc1 a3 37. Kb1 a2+ 38. Kc1 a1=Q# 0-1

[Event "East Lansing (MOR/3/50)"]
[Site "?"]
[Date "1993.??.??"]
[Round "?"]
[White "Boyle, R."]
[Black "Friedland, J."]
[Result "0-1"]
[WhiteElo "1605"]
[BlackElo "1605"]
[PlyCount "54"]
[EventDate "1993.??.??"]

{3/(50)} 1. e4 e5 2. Nf3 Nc6 3. Bc4 Bc5 4. d3 Nf6 5. Be3 Bb6 6. Nc3 d6 7. Qd2
Bg4 8. h3 Bxf3 9. gxf3 Ba5 10. O-O-O Qd7 11. Rhg1 g6 12. Bh6 Nh5 13. Qg5 f6 14.
Qh4 O-O-O 15. Nd5 Nd4 16. Nxf6 Nxf6 17. Qxf6 Kb8 18. Qg7 Ne2+ 19. Kb1 Nxg1 20.
Rxg1 Qxh3 21. Bg5 Qd7 22. Bf6 Qxg7 23. Bxg7 Rhe8 24. Bf7 Re7 25. Bf6 Rxf7 26.
Bxd8 Rxf3 27. Bh4 Bb6 {[Remainder illegible; 0-1, 41?]} 0-1

[Event "Lansing (MI Am/2)"]
[Site "?"]
[Date "1993.??.??"]
[Round "?"]
[White "Boyle, R."]
[Black "Distefano, R."]
[Result "0-1"]
[WhiteElo "1605"]
[BlackElo "1605"]
[PlyCount "119"]
[EventDate "1993.??.??"]

1. e4 c5 2. Bb5 Nc6 3. d3 Qa5+ 4. Nc3 g6 5. Be3 Bg7 6. Qd2 Bxc3 7. Qxc3 Qxc3+
8. bxc3 Nf6 9. Bxc5 d6 10. Bd4 O-O 11. Bxc6 bxc6 12. Nf3 e5 13. Be3 Ba6 14. O-O
Rfb8 15. Rab1 Rb5 16. c4 Rb7 17. Rb3 Rc7 18. c5 d5 19. Rfb1 dxe4 20. Nxe5 exd3
21. cxd3 Rd8 22. Bf4 Rcc8 23. Bg5 Kg7 24. Bh6+ Kxh6 25. Nxf7+ Kg7 26. Nxd8 Rxd8
27. Ra3 Bxd3 28. Rd1 Rb8 29. Raxd3 Rb5 30. Rb3 Rxc5 31. Rb7+ Kh6 32. Rxa7 Rc2
33. a4 Nd5 34. h4 Nb4 35. Rd4 c5 36. Rdd7 Kh5 37. g3 h6 38. f3 c4 39. Rh7 Nd5
40. Ra5 Rd2 41. Kf1 c3 42. Ke1 g5 43. hxg5 Kxg5 44. Rd7 Ra2 45. Rdxd5+ Kf6 46.
Rd6+ Ke7 47. Rb6 Kd8 48. Rf5 Ra1+ 49. Ke2 c2 50. Rc6 c1=Q 51. Rxc1 Rxc1 52.
Rd5+ Ke7 53. Re5+ Kf6 54. a5 Kxe5 55. f4+ Kf5 56. a6 Ra1 57. Kf3 Rxa6 58. g4+
Kf6 59. Kg3 Ra3+ 60. Kh4 0-1

[Event "East Lansing (MOR/1b/27)"]
[Site "?"]
[Date "1993.??.??"]
[Round "?"]
[White "Boyle, R."]
[Black "Davis, Ralph"]
[Result "0-1"]
[WhiteElo "1605"]
[BlackElo "1605"]
[PlyCount "72"]
[EventDate "1993.??.??"]

1. e4 c5 2. Nc3 e6 3. Bc4 Nc6 4. d3 Nf6 5. Be3 Be7 6. Qd2 b6 7. h3 Bb7 8. Nb5
a6 9. Nc3 b5 10. Bb3 O-O 11. a4 b4 12. Na2 Na5 13. Ne2 Nxb3 14. cxb3 d5 15.
exd5 Bxd5 16. Nec1 Qc7 17. Qc2 Rac8 18. Ne2 Bxg2 19. Rg1 Qb7 20. Nf4 Bc6 21.
Ne2 g6 22. Bxc5 Bxc5 23. Qxc5 Nd5 24. Qd4 Rfd8 25. h4 a5 26. h5 Nc3 27. Qe5 Rd5
28. Qf6 Rf5 29. Qd4 Nxe2 30. Kxe2 Bf3+ 31. Ke1 Bxh5 32. Rg3 Qh1+ 33. Kd2 Qxa1
34. Qb6 Qd1+ 35. Ke3 Qe2+ 36. Kd4 Qe5# 0-1

[Event "East Lansing (MOR/4/50)"]
[Site "?"]
[Date "1993.??.??"]
[Round "?"]
[White "Boyle, R."]
[Black "Caron, L."]
[Result "1-0"]
[WhiteElo "1605"]
[BlackElo "1605"]
[PlyCount "81"]
[EventDate "1993.??.??"]

{4/(50)} 1. e4 c5 2. Bc4 Nc6 3. d3 d6 4. Be3 Nf6 5. Qd2 e6 6. Nc3 a6 7. a3 Bd7
8. O-O-O Be7 9. Nf3 e5 10. Nd5 Nxd5 11. Bxd5 Be6 12. Bxc6+ bxc6 13. Bg5 Bxg5
14. Nxg5 O-O 15. f4 h6 16. Nxe6 fxe6 17. fxe5 dxe5 18. Rhf1 Rxf1 19. Rxf1 Qe7
20. Qe3 Qg5 21. Qxg5 hxg5 22. Rf3 Rf8 23. Rg3 Rf1+ 24. Kd2 Kf7 25. Rxg5 Kf6 26.
Rh5 Rg1 27. g3 Rg2+ 28. Kc3 g6 29. Rh7 Kg5 30. Rc7 Rxh2 31. Rxc6 Kg4 32. Rxe6
Kxg3 33. Rxg6+ Kf3 34. Rf6+ Ke2 35. Rf5 Kd1 36. Rf1+ Ke2 37. Rc1 Ke3 38. b4
cxb4+ 39. Kxb4 Kd2 40. Ra1 Kxc2 41. Ra2+ 1-0

[Event "Lansing (MI Am/5)"]
[Site "?"]
[Date "1993.??.??"]
[Round "?"]
[White "Boyle, R."]
[Black "Beydoun, M."]
[Result "0-1"]
[WhiteElo "1605"]
[BlackElo "1605"]
[PlyCount "86"]
[EventDate "1993.??.??"]

1. e4 c5 2. Nf3 d6 3. d4 cxd4 4. Qxd4 Nf6 5. Bg5 e6 6. e5 dxe5 7. Qxd8+ Kxd8 8.
Nxe5 Ke8 9. Bb5+ Nfd7 10. Nxd7 Bxd7 11. Nc3 Be7 12. Bxe7 Kxe7 13. O-O-O a6 14.
Be2 Bc6 15. Bf3 Bxf3 16. gxf3 Nc6 17. Rhg1 g6 18. Rg4 Rad8 19. Rxd8 Rxd8 20.
Na4 Rd4 21. Nc5 Rxg4 22. fxg4 Ne5 23. h3 h5 24. f4 hxg4 25. fxe5 g3 26. Nxb7 g2
27. Kd2 g1=Q 28. Nd6 Qd4+ 29. Ke2 Qxe5+ 30. Kf3 Qxd6 31. c4 Qc6+ 32. Ke3 Qxc4
33. b3 Qb4 34. Kd3 Kd6 35. Kc2 a5 36. Kb2 Qh4 37. b4 axb4 38. a3 bxa3+ 39. Kxa3
Qxh3+ 40. Kb4 Qd3 41. Ka5 Qb1 42. Ka4 Kc5 43. Ka3 Qb4+ 0-1

[Event "Eastpointe (MI Action/3/12)"]
[Site "?"]
[Date "1993.??.??"]
[Round "?"]
[White "Boyle, John"]
[Black "Skidmore, Mike"]
[Result "0-1"]
[WhiteElo "1605"]
[BlackElo "1920"]
[PlyCount "42"]
[EventDate "1993.??.??"]

{3/(12)} 1. d4 d5 2. e3 Nf6 3. Bd3 Bg4 4. Nf3 e6 5. Nbd2 Bd6 6. O-O Nbd7 7. c3
O-O 8. e4 e5 9. exd5 Nxd5 10. Qc2 N5f6 11. dxe5 Nxe5 12. Nxe5 Bxe5 13. Nc4 Re8
14. Nxe5 Rxe5 15. Bf4 Rd5 16. Be2 Bf5 17. Qb3 b6 18. Bg5 Be6 19. Bxf6 Qxf6 20.
Qc2 Rg5 21. Bf3 Qxf3 0-1

[Event "Eastpointe (MI Action/6/20)"]
[Site "?"]
[Date "1993.??.??"]
[Round "?"]
[White "Boyle, John"]
[Black "Scott, A."]
[Result "1-0"]
[WhiteElo "1605"]
[BlackElo "1605"]
[PlyCount "105"]
[EventDate "1993.??.??"]

{6/(20)} 1. d4 d5 2. e3 Bf5 3. c4 c6 4. Nf3 e6 5. Nc3 Bb4 6. Bd2 Nf6 7. Qb3
Bxc3 8. Bxc3 b6 9. cxd5 cxd5 10. Bb5+ Nbd7 11. Ne5 O-O 12. Bb4 Re8 13. Qa4 Nxe5
14. dxe5 Ne4 15. Bxe8 Qxe8 16. Qxe8+ Rxe8 17. O-O f6 18. exf6 Nxf6 19. Rac1 a5
20. Bc3 Ne4 21. Bd4 b5 22. Rc7 Nd2 23. Rd1 Nc4 24. b3 Nd6 25. Rxg7+ Kf8 26. Ra7
a4 27. bxa4 bxa4 28. Rxa4 Bc2 29. Ra6 Bxd1 30. Rxd6 e5 31. Bc5 Kg8 32. Rxd5 Rb8
33. Rxd1 Rc8 34. Rc1 Kf7 35. f4 exf4 36. exf4 Ke6 37. Kf2 Kd5 38. Kf3 Rxc5 39.
Rxc5+ Kxc5 40. a4 Kb4 41. f5 Kxa4 42. f6 Kb5 43. f7 Kc6 44. f8=Q Kb5 45. Qc8
Kb4 46. Qc6 Kb3 47. Qc5 Kb2 48. Qc4 Kb1 49. Qe2 Kc1 50. Ke3 Kb1 51. Kd3 Ka1 52.
Kc3 Kb1 53. Qb2# 1-0

[Event "East Lansing (MOR/6/7)"]
[Site "?"]
[Date "1993.??.??"]
[Round "?"]
[White "Boyle, John"]
[Black "Ruhlmann, Max"]
[Result "0-1"]
[WhiteElo "1605"]
[BlackElo "1795"]
[PlyCount "146"]
[EventDate "1993.??.??"]

{6/(7)} 1. d4 Nf6 2. e3 c5 3. c3 e6 4. Bd3 d5 5. Nd2 Nc6 6. f4 Qc7 7. Ngf3 Bd6
8. Ne5 cxd4 9. exd4 a6 10. O-O b5 11. Rf3 b4 12. Rg3 g6 13. Qe2 Nh5 14. Rf3 f6
15. Nxc6 Qxc6 16. Qf2 bxc3 17. bxc3 f5 18. Bb2 Nf6 19. c4 dxc4 20. Nxc4 Nd5 21.
Ne5 Qc7 22. Rc1 Qa5 23. a3 Bd7 24. Qe2 Ke7 25. Bc4 Bb5 26. Bxb5 Qxb5 27. Qxb5
axb5 28. Kf2 Rhc8 29. Ke2 Rxc1 30. Bxc1 b4 31. Nc6+ Kf6 32. Nxb4 Bxb4 33. axb4
Nxb4 34. Ra3 Rc8 35. Bd2 Nd5 36. g3 Rc4 37. Kd3 Rc8 38. Ra2 h6 39. h4 Rb8 40.
Ra3 Rb1 41. Ke2 Rb7 42. Rd3 Ke7 43. Ra3 h5 44. Kd3 Kd6 45. Ra6+ Rb6 46. Rxb6+
Nxb6 47. Bb4+ Kd5 48. Be1 Nd7 49. Bf2 Nf6 50. Bg1 Ne4 51. Bh2 Kc6 52. Kc4 Nd2+
53. Kd3 Nf3 54. Kc4 Nxh2 55. d5+ exd5+ 56. Kd4 Nf1 57. Ke5 Nxg3 58. Kd4 Ne2+
59. Kd3 Nxf4+ 60. Kd4 Ne2+ 61. Kd3 Kc5 62. Kxe2 Kc4 63. Kd2 f4 64. Ke2 Kc3 65.
Kf3 d4 66. Kxf4 d3 67. Kg5 d2 68. Kxg6 d1=Q 69. Kg5 Kd4 70. Kg6 Ke5 71. Kg5
Qg4+ 72. Kh6 Kf6 73. Kh7 Qg7# 0-1

[Event "East Lansing (MOR/1b/7)"]
[Site "?"]
[Date "1993.??.??"]
[Round "?"]
[White "Boyle, John"]
[Black "Moore, Robert"]
[Result "1/2-1/2"]
[WhiteElo "1605"]
[BlackElo "1700"]
[PlyCount "96"]
[EventDate "1993.??.??"]

1. d4 g6 2. e3 Bg7 3. Bd3 d6 4. f4 Nd7 5. Nf3 Ngf6 6. O-O O-O 7. Nbd2 c5 8. c3
cxd4 9. exd4 e5 10. fxe5 dxe5 11. dxe5 Ng4 12. Nc4 b5 13. Ne3 Qb6 14. Qe2 Ndxe5
15. Nxe5 Nxe5 16. Kh1 Nxd3 17. Qxd3 Bb7 18. Nd5 Qc5 19. Nf6+ Bxf6 20. Rxf6 Rad8
21. Qf1 Rfe8 22. Bh6 Qd5 23. Rf2 Bc8 24. Rd2 Qf5 25. Rf2 Qe6 26. Rf3 f5 27. Bg5
Rd7 28. Re3 Qf7 29. Rxe8+ Qxe8 30. Re1 Qf7 31. Qxb5 Bb7 32. Qe5 Be4 33. h3 Rd5
34. Qf4 Qe8 35. Kh2 Rb5 36. b3 Qb8 37. Qxb8+ Rxb8 38. Rd1 Rb7 39. Rd8+ Kf7 40.
Rd6 Kg7 41. Re6 h6 42. Re7+ Rxe7 43. Bxe7 Kf7 44. Bc5 a6 45. Be3 h5 46. Kg3 Ke6
47. Kf4 Bxg2 48. h4 Bc6 1/2-1/2

[Event "Lansing (MI Am/1)"]
[Site "?"]
[Date "1993.??.??"]
[Round "?"]
[White "Boyle, John"]
[Black "Moore, Robert"]
[Result "1/2-1/2"]
[WhiteElo "1605"]
[BlackElo "1760"]
[PlyCount "75"]
[EventDate "1993.??.??"]

1. d4 g6 2. e3 Bg7 3. Bd3 d6 4. f4 Nc6 5. c3 e5 6. fxe5 dxe5 7. dxe5 Nxe5 8.
Bb5+ c6 9. Qxd8+ Kxd8 10. Be2 Ne7 11. Nf3 Kc7 12. O-O Be6 13. Nbd2 Nf5 14. Nxe5
Bxe5 15. Nf3 Bg7 16. e4 Nd6 17. Ng5 h6 18. Nxe6+ fxe6 19. Bf4 e5 20. Bg3 Rhf8
21. Bf3 Rad8 22. Rad1 Nc4 23. b3 Ne3 24. Rxd8 Rxd8 25. Rf2 Nd1 26. Bxd1 Rxd1+
27. Rf1 Rxf1+ 28. Kxf1 Kd6 29. Ke2 Bf6 30. Kd3 Bd8 31. b4 a5 32. Bf2 b5 33. g3
a4 34. a3 Ke6 35. Be3 g5 36. g4 Kf6 37. c4 Kg6 38. h3 1/2-1/2

[Event "East Lansing (MOR/3/17)"]
[Site "?"]
[Date "1993.??.??"]
[Round "?"]
[White "Boyle, John"]
[Black "Lewis, C."]
[Result "1/2-1/2"]
[WhiteElo "1605"]
[BlackElo "1665"]
[PlyCount "76"]
[EventDate "1993.??.??"]

{3/(17)} 1. d4 Nf6 2. e3 e6 3. Bd3 b6 4. f4 Bb7 5. Nf3 Be7 6. Nbd2 O-O 7. O-O
c5 8. c3 Qc7 9. Ne5 d6 10. Ng4 Nbd7 11. e4 e5 12. fxe5 dxe5 13. d5 a6 14. Nxf6+
Nxf6 15. Nf3 c4 16. Bc2 Ng4 17. Qe2 Bc8 18. h3 Nf6 19. Bg5 b5 20. Nd2 h6 21.
Bxf6 Bxf6 22. Qh5 Qe7 23. Bd1 g6 24. Qf3 Bg5 25. Qf2 f5 26. Bf3 Bxd2 27. Qxd2
f4 28. d6 Qa7+ 29. Kh2 Be6 30. Bg4 Bxg4 31. hxg4 Qc5 32. Rad1 Rad8 33. Qd5+
Qxd5 34. Rxd5 Rf6 35. Rfd1 Re6 36. d7 Kf7 37. Rc5 Ke7 38. Rc7 g5 1/2-1/2

[Event "Eastpointe (MI Action/1/6)"]
[Site "?"]
[Date "1993.??.??"]
[Round "?"]
[White "Boyle, John"]
[Black "Calton, Bill"]
[Result "0-1"]
[WhiteElo "1605"]
[BlackElo "2110"]
[PlyCount "45"]
[EventDate "1993.??.??"]

{1/(6)} 1. d4 Nf6 2. e3 b6 3. Bd3 Bb7 4. Nf3 e6 5. Nbd2 d5 6. O-O Nbd7 7. c3
Be7 8. Re1 Ne4 9. Qc2 f5 10. c4 O-O 11. a3 Rc8 12. b4 Qe8 13. c5 c6 14. Nb3 Qh5
15. a4 g5 16. Nfd2 Rf6 17. f3 Nxd2 18. Bxd2 Rh6 19. h3 Qh4 20. Rf1 g4 21. fxg4
fxg4 22. e4 Bg5 23. Bxg5 0-1

[Event "Lansing (MI Am/3)"]
[Site "?"]
[Date "1993.??.??"]
[Round "?"]
[White "Boyle, John"]
[Black "Beydoun, M."]
[Result "1/2-1/2"]
[WhiteElo "1605"]
[BlackElo "1605"]
[PlyCount "38"]
[EventDate "1993.??.??"]

1. d4 Nf6 2. e3 e6 3. Bd3 c5 4. c3 Nc6 5. f4 Be7 6. Nf3 cxd4 7. exd4 d6 8. O-O
a6 9. Nbd2 b5 10. b4 Qb6 11. Bb2 Nd5 12. Ng5 Ne3 13. Qh5 g6 14. Qh6 Bf8 15. Qh4
Nxf1 16. Rxf1 Be7 17. Qh6 Bf8 18. Qh4 Be7 19. Qh6 Bf8 1/2-1/2

[Event "Flint (Class DE/1)"]
[Site "?"]
[Date "1993.??.??"]
[Round "?"]
[White "Boyer, Mike"]
[Black "Smeckert, Dennis"]
[Result "0-1"]
[WhiteElo "1605"]
[BlackElo "1605"]
[PlyCount "136"]
[EventDate "1993.??.??"]

1. e4 e5 2. Nf3 Nc6 3. Bc4 Nf6 4. d3 Be7 5. Nc3 O-O 6. Bg5 a6 7. Qd2 d6 8. h3
Na7 9. d4 exd4 10. Qxd4 b5 11. Bd5 c6 12. Bxf7+ Rxf7 13. O-O c5 14. Qd2 b4 15.
Nd5 Nxd5 16. Qxd5 Bxh3 17. gxh3 Kf8 18. Qb3 Bxg5 19. Rad1 Qf6 20. Rd3 Bf4 21.
Rfd1 Re8 22. Re1 Qg6+ 23. Kf1 Rxe4 24. Rxe4 Qxe4 25. Rd1 Be3 26. Qxe3 Qxe3 27.
fxe3 Rxf3+ 28. Kg2 Rf6 29. h4 Ke7 30. Kg3 Ke6 31. Kg4 Ke5 32. c3 a5 33. c4 Ke4
34. Re1 Rf3 35. Rd1 Nc8 36. Rg1 Kxe3 37. Re1+ Kf2 38. Rd1 Rf6 39. Rd2+ Ke3 40.
Rh2 a4 41. Rh3+ Kd4 42. b3 Nb6 43. Kg5 d5 44. cxd5 Nxd5 45. h5 h6+ 46. Kg4 Rf4+
47. Kg3 axb3 48. axb3 Re4 49. Kf2 c4 50. bxc4 Kxc4 51. Rh1 Nc3 52. Rc1 b3 53.
Kf3 Re7 54. Kf4 b2 55. Rh1 b1=Q 56. Rxb1 Nxb1 57. Kf5 Kd5 58. Kg6 Ke5 59. Kh7
g5+ 60. Kxh6 g4 61. Kg5 g3 62. Kh6 g2 63. Kg5 Rf7 64. Kg6 Rf6+ 65. Kh7 g1=Q 66.
h6 Qa7+ 67. Kg8 Rb6 68. h7 Rb8# 0-1

[Event "Lansing (MI Am/5)"]
[Site "?"]
[Date "1993.??.??"]
[Round "?"]
[White "Boyer, Mike"]
[Black "Repas, B."]
[Result "0-1"]
[WhiteElo "1605"]
[BlackElo "1605"]
[PlyCount "74"]
[EventDate "1993.??.??"]

1. e4 c5 2. Nf3 Nc6 3. d4 cxd4 4. Nxd4 d6 5. Bb5 Bd7 6. Nc3 a6 7. Bxc6 bxc6 8.
Qf3 c5 9. Nde2 Nf6 10. h3 g6 11. Bg5 Bg7 12. Rb1 Be6 13. Bxf6 Bxf6 14. Nd5 Bg7
15. Nef4 O-O 16. Qg3 Rb8 17. c3 Be5 18. Qh4 Rb7 19. Nxe6 fxe6 20. f4 Bg7 21.
Ne3 d5 22. e5 d4 23. cxd4 Qxd4 24. Kf2 Rxf4+ 25. Qxf4 Qxf4+ 26. Ke2 Bxe5 27.
Rhf1 Qe4 28. b3 c4 29. Rbd1 cxb3 30. Rd8+ Kg7 31. axb3 Rxb3 32. Rf3 Rb2+ 33.
Rd2 Rxd2+ 34. Kxd2 a5 35. g4 Qxf3 36. Kd3 Qxh3 37. Ke4 Bf6 {[Remainder
illegible; 0-1, 49?]} 0-1

[Event "East Lansing (MOR/5/41)"]
[Site "?"]
[Date "1993.??.??"]
[Round "?"]
[White "Boyer, Mike"]
[Black "Moceri, Paul"]
[Result "0-1"]
[WhiteElo "1605"]
[BlackElo "1700"]
[PlyCount "28"]
[EventDate "1993.??.??"]

{5/(41)} 1. e4 e5 2. Nf3 Nc6 3. Bc4 Nd4 4. Nxe5 Qg5 5. Ng4 d5 6. d3 Qxg4 7. f3
Qxg2 8. Bb5+ c6 9. Bxc6+ bxc6 10. Qd2 Nxf3+ 11. Kd1 Qxh1+ 12. Ke2 Qg2+ 13. Ke3
d4+ 14. Kf4 Qg4# 0-1

[Event "Lansing (MI Am/3)"]
[Site "?"]
[Date "1993.??.??"]
[Round "?"]
[White "Boyer, Mike"]
[Black "Miller, Doug"]
[Result "1-0"]
[WhiteElo "1605"]
[BlackElo "1605"]
[PlyCount "47"]
[EventDate "1993.??.??"]

1. e4 e5 2. Nf3 Nc6 3. Bc4 Nce7 4. Nc3 c6 5. d3 d5 6. exd5 cxd5 7. Bb3 Nf6 8.
Nxe5 Ng6 9. Nxg6 hxg6 10. Bg5 Bb4 11. h3 O-O 12. O-O Bxc3 13. bxc3 Qa5 14. Bxf6
gxf6 15. c4 Be6 16. Qf3 Rad8 17. Qxf6 Qc5 18. Rfe1 d4 19. Re4 Rd6 20. Rh4 Qh5
21. Rxh5 gxh5 22. Qg5+ Kh7 23. Qxh5+ Kg7 24. Qe5+ 1-0